000 01122cam a22003015a 4500
001 016801099
003 OSt
005 20160516134730.0
008 140721s2013 enka frb 001 0 eng d
020 _a9780415825481 (pbk.)
040 _aStDuBDS
_beng
_cStDuBDS
_dEG-ScBUE
082 0 4 _a338.956
_222
_bCHA
245 0 0 _aChange and development in the Middle East :
_bessays in honour of W.B. Fisher /
_cedited by John Clarke I.and Howard Bowen-Jones.
260 _aOxon ;
_aNew York :
_bRoutledge Taylor & Francis Group,
_c2013.
300 _axiii, 322 p. :
_bill. ;
_c24 cm.
490 0 _aRoutledge revivals.
500 _aOriginally published: 1981.
500 _aIndex : p. [318]-322.
504 _aIncludes bibliographical references.
650 7 _aEconomic development
_zMiddle East.
_2BUEsh
_934383
651 7 _aMiddle East
_xEconomic conditions.
_2BUEsh
_94446
651 7 _aMiddle East
_xEconomic policy.
_2BUEsh
_929818
653 _bBUSBOL
_cMay2016
700 1 _aClarke, John Innes,
_eeditor.
700 1 _aBowen-Jones, Howard,
_eeditor.
700 1 _aFisher, W. B.
_q(William Bayne),
_ehonouree.
942 _2ddc
999 _c21751
_d21723